30 in 60: Classic Novels II Quiz Stats

 Plays Quiz Updated Nov 27, 2020

Support Sporcle.
Go Orange.
Score 0/30 Timer 01:00
8 Plays Today
% Correct
Rowling, J.K.
68.1%
Tolkien, J.R.R.
65.1%
Austen, Jane
64.7%
Homer
64.1%
Seuss, Dr.
63.8%
Twain, Mark
63.7%
Orwell, George
63.2%
Dickens, Charles
61.6%
King, Stephen
59.8%
Dahl, Roald
58.3%
Carroll, Lewis
57.5%
Alcott, Louisa May
57.4%
Hemingway, Ernest
57.4%
Sholokhov, Mikhail
56.1%
Steinbeck, John
55.8%
% Correct
Tolstoy, Leo
52.8%
de Cervantes, Miguel
51.7%
Hugo, Victor
51.2%
Dumas, Alexandre
51%
Barrie, J.M.
49.6%
Dostoyevsky, Fyodor
49.2%
Hawthorne, Nathaniel
48.4%
Mitchell, Margaret
47.2%
Bradbury, Ray
47%
Wells, H.G.
46.2%
Camus, Albert
37%
Flaubert, Gustave
34.9%
Stevenson, Robert Louis
34.6%
Vonnegut, Kurt
31.2%
Fitzgerald, F. Scott
30.8%

From the Vault

10 Closest Capitals to Copenhagen

by RobPro

If you're interested in a great Danish, it might help to live in close proximity to one of these cities.
Remove Ads.
Support Sporcle.
Get the best of Sporcle when you Go Orange. This ad-free experience offers more features, more stats, and more fun while also helping to support Sporcle. Thank you for becoming a member.

Show Comments

Extras

Top Quizzes Today


Score Distribution

Your Account Isn't Verified!

In order to create a playlist on Sporcle, you need to verify the email address you used during registration. Go to your Sporcle Settings to finish the process.

Report this User

Report this user for behavior that violates our Community Guidelines.

Details: